The Beatles - Statistics

General Stats
  • This quiz has been taken 859 times
    781 since last reset
  • The average score is 13 of 15
Answer Stats
Hint Answer % Correct
Lead Guitarist George Harrison
99%
Rhythm Guitarist John Lennon
99%
Bass Guitarist Paul McCartney
99%
Drummer Ringo Starr
99%
Year of First Hit 1963
96%
John Lennon's Second Wife Yoko Ono
96%
Year the Beatles Broke Up 1970
94%
Last Album Let It Be
89%
Paul McCartney's Wife Linda
85%
Beatles' First Drummer Pete Best
85%
First Album Please Please Me
83%
John Lennon's First Wife Cynthia
77%
First Hit Love Me Do
74%
George Harrison's son Dhani
60%
Last Hit The Long and Winding Road
36%
No matching quizzes found
Score Distribution
Percent of People with Each Score
Percentile by Number Answered
Your Score History
You have not taken this quiz since the last reset